000
00213 a2200097 4500
001
37856
100
_a
Ditch W
245
_a
Microelectronic system one
260
_a
G B
_b
Edward Arnold
_c
090
_c
24048
_d
24048
942
_a
NUST-CAE
_c
M
_c
15612
999
_c
272929
_d
272929